[Event "Asia-ch U08"]
[Site "Al Ain"]
[Date "2023.12.16"]
[Round "3"]
[White "Khati, Tailan"]
[Black "Nguyen, Nhat Khuong"]
[Result "0-1"]
[WhiteElo "1106"]
[BlackElo "1387"]
[PlyCount "106"]
[EventDate "2023.12.14"]
[EventType "swiss"]
[EventRounds "9"]
[EventCountry "UAE"]
[SourceTitle "EXT 2025"]
[Source "ChessBase"]
[SourceDate "2024.10.14"]
[SourceVersion "1"]
[SourceVersionDate "2024.10.14"]
[SourceQuality "1"]

1. e4 c5 2. c3 d5 3. exd5 Qxd5 4. d4 Nc6 5. Nf3 Bg4 6. Be2 cxd4 7. cxd4 e6 8. 0-0 Rd8 9. Nc3 Qd7 10. Be3 Nf6 11. Ne5 Nxe5 12. dxe5 Qxd1 13. Raxd1 Rxd1 14. Rxd1 Bxe2 15. Nxe2 Nd7 16. f4 b6 17. Rc1 Kd8 18. Nd4 Bc5 19. Nc6+ Kc7 20. Nxa7 Ra8 21. Nb5+ Kc6 22. Bxc5 Kxb5 23. Bd6 Nc5 24. Bxc5 bxc5 25. a3 Ra4 26. g3 Rd4 27. Rc2 c4 28. Kf2 Ka4 29. Ke3 Rd3+ 30. Ke2 Kb3 31. Rc1 Rd4 32. Ke3 Rd3+ 33. Ke4 f5+ 34. exf6 gxf6 35. g4 Rh3 36. g5 f5+ 37. Ke5 Re3+ 38. Kf6 Re4 39. Kg7 Kxb2 40. Rd1 Rxf4 41. Kxh7 Rh4+ 42. Kg7 c3 43. g6 c2 44. Rd2 Kc3 45. Rxc2+ Kxc2 46. Kf6 Rxh2 47. a4 f4 48. a5 f3 49. a6 f2 50. g7 f1Q+ 51. Ke7 Rh7 52. a7 Rxg7+ 53. Kd6 Qd3+ 0-1

[Event "Asia-ch U08"]
[Site "Al Ain"]
[Date "2023.12.16"]
[Round "4"]
[White "Nguyen, Nhat Khuong"]
[Black "Dang, Thai Phong"]
[Result "0-1"]
[WhiteElo "1387"]
[BlackElo "1240"]
[PlyCount "92"]
[EventDate "2023.12.14"]
[EventType "swiss"]
[EventRounds "9"]
[EventCountry "UAE"]
[SourceTitle "EXT 2025"]
[Source "ChessBase"]
[SourceDate "2024.10.14"]
[SourceVersion "1"]
[SourceVersionDate "2024.10.14"]
[SourceQuality "1"]

1. e4 e5 2. Nf3 Nc6 3. Bc4 Nf6 4. Nc3 Nxe4 5. Nxe4 d5 6. Bxd5 Qxd5 7. Nc3 Qd8 8. 0-0 Bd6 9. Re1 0-0 10. h3 Bf5 11. d3 Re8 12. Bd2 Bg6 13. g3 f5 14. Nh4 Qf6 15. Nxg6 Qxg6 16. Kh1 Nd4 17. Be3 Bc5 18. Bxd4 Bxd4 19. Qf3 c6 20. Ne2 Bb6 21. Qg2 Qh5 22. f3 Rf8 23. Ng1 Rae8 24. Re2 f4 25. g4 Qh4 26. Rae1 Be3 27. Rd1 Rf6 28. Ree1 Rh6 29. Kh2 c5 30. Ne2 Rf8 31. Nc3 Rd8 32. Re2 Rg6 33. Rf1 h5 34. Nd1 hxg4 35. fxg4 f3 36. Qxf3 Rf6 37. Qg2 Rxf1 38. Qxf1 Bf4+ 39. Kh1 Rd6 40. Qg2 Rh6 41. Nf2 Ra6 42. Qxb7 Rxa2 43. Qd5+ Kh8 44. Qxa2 Qg3 45. Ne4 Qf3+ 46. Rg2 Qf1+ 0-1

[Event "Wch U08"]
[Site "Sharm El Sheikh"]
[Date "2023.10.25"]
[Round "10"]
[White "Nguyen, Nhat Khuong"]
[Black "Pang, Ethan"]
[Result "0-1"]
[WhiteElo "1352"]
[BlackElo "1676"]
[PlyCount "132"]
[EventDate "2023.10.16"]
[EventType "swiss"]
[EventRounds "11"]
[EventCountry "EGY"]
[SourceTitle "EXT 2025"]
[Source "ChessBase"]
[SourceDate "2024.10.14"]
[SourceVersion "1"]
[SourceVersionDate "2024.10.14"]
[SourceQuality "1"]

1. d4 d5 2. c4 c6 3. Nf3 dxc4 4. e3 b5 5. a4 e6 6. b3 a5 7. bxc4 b4 8. Nbd2 Ba6 9. c5 Bxf1 10. Nxf1 Nf6 11. N1d2 Nbd7 12. Nc4 Ne4 13. Qc2 f5 14. Nfe5 Nxe5 15. Nxe5 Qd5 16. Qc4 Qxc4 17. Nxc4 Be7 18. f3 Nf6 19. Kd1 0-0 20. Ne5 Rac8 21. Kc2 Rfd8 22. Rd1 Bxc5 23. Nc4 Ra8 24. Bb2 Be7 25. Rac1 Nd5 26. Kb3 Bg5 27. Rd3 Bf6 28. g3 Ne7 29. Rcd1 g6 30. e4 Bg7 31. Re3 Kf7 32. Red3 Ra7 33. h3 h6 34. R1d2 h5 35. Rd1 Kf8 36. Ne3 Bh6 37. Nc4 Bg7 38. Ne3 Kf7 39. Nc4 Bf6 40. e5 Bg7 41. f4 Nd5 42. h4 Bf8 43. Rc1 Be7 44. Nd2 Rc8 45. Nc4 Ke8 46. Rd2 Kd7 47. Rd3 Kc7 48. Rd2 Kb7 49. Rdc2 Ka6 50. Nd6 Bxd6 51. Rxc6+ Rxc6 52. Rxc6+ Kb7 53. Rxd6 Nc7 54. Rd7 Kc6 55. Rg7 Kd5 56. Rxg6 Ke4 57. Rg7 Nb5 58. Rg6 Nc7 59. Rg5 Kd3 60. Rxh5 Nd5 61. Rh6 Rc7 62. Rxe6 Rc2 63. Rd6 Ne3 64. Ka2 Nc4 65. Rd5 Rxb2+ 66. Ka1 Kc2 0-1

[Event "Wch U08"]
[Site "Sharm El Sheikh"]
[Date "2023.10.20"]
[Round "5"]
[White "Nguyen, Nhat Khuong"]
[Black "Perez Solanas, Hugo"]
[Result "0-1"]
[WhiteElo "1352"]
[BlackElo "1499"]
[PlyCount "150"]
[EventDate "2023.10.16"]
[EventType "swiss"]
[EventRounds "11"]
[EventCountry "EGY"]
[SourceTitle "EXT 2025"]
[Source "ChessBase"]
[SourceDate "2024.10.14"]
[SourceVersion "1"]
[SourceVersionDate "2024.10.14"]
[SourceQuality "1"]

1. d4 d5 2. c4 e6 3. Nc3 Nf6 4. Bg5 Be7 5. cxd5 exd5 6. e3 h6 7. Bh4 0-0 8. Bd3 b6 9. Nge2 c5 10. dxc5 bxc5 11. Bxf6 Bxf6 12. Nxd5 Re8 13. Nec3 Bb7 14. 0-0 Bxc3 15. Nxc3 Qg5 16. e4 a6 17. Qb3 Bc6 18. Bc4 Qg6 19. Rad1 Nd7 20. Bd5 Ne5 21. f3 Rab8 22. Qc2 Bd7 23. Ne2 Bb5 24. a4 Bxe2 25. Qxe2 Qb6 26. f4 Ng6 27. Qc4 Rf8 28. b3 Qc7 29. g3 Rb4 30. Qc3 Qb6 31. Kg2 Ne7 32. Rf3 Rb8 33. Rc1 Rc8 34. Qc2 Qa5 35. Qd2 Rxa4 36. Qxa5 Rxa5 37. Rfc3 Nxd5 38. exd5 Rb5 39. Kf3 Kf8 40. Ke4 Ke7 41. Ra1 Rb6 42. Ra5 Kd6 43. f5 Rb4+ 44. Kf3 Rb6 45. Ke4 f6 46. g4 Rc7 47. Rc4 Re7+ 48. Kf4 Rc7 49. Ke4 Rc8 50. Rca4 Re8+ 51. Kf4 Kxd5 52. Rc4 Rc8 53. Rc3 Rb4+ 54. Kg3 Rc6 55. Kf3 Kd4 56. Re3 Rb5 57. Ra4+ Rb4 58. Ra5 Rcb6 59. Ra3 Kd5 60. Rd3+ Rd4 61. Rc3 Kc6 62. Ra5 Rd5 63. b4 Rxb4 64. Rxa6+ Kb5 65. Ra7 c4 66. Rxg7 Rb3 67. Rxb3+ cxb3 68. h4 Kc4 69. Rc7+ Rc5 70. Rb7 Rb5 71. Rc7+ Kd3 72. Rd7+ Kc2 73. Rc7+ Kb1 74. Re7 b2 75. g5 hxg5 0-1

[Event "Wch U08 blitz"]
[Site "Batumi"]
[Date "2023.06.11"]
[Round "10"]
[White "Nguyen, Nhat Khuong"]
[Black "Guntaka, Aayansh R"]
[Result "1-0"]
[WhiteElo "1247"]
[BlackElo "1325"]
[PlyCount "135"]
[EventDate "2023.06.10"]
[EventType "swiss (blitz)"]
[EventRounds "11"]
[EventCountry "GEO"]
[SourceTitle "EXT 2024"]
[Source "ChessBase"]
[SourceDate "2023.10.10"]
[SourceVersion "1"]
[SourceVersionDate "2023.10.10"]
[SourceQuality "1"]
[WhiteTeam "Vietnam"]
[BlackTeam "United States"]
[WhiteTeamCountry "VIE"]
[BlackTeamCountry "USA"]

1. e4 e6 2. d4 d5 3. Nd2 Be7 4. Ngf3 Nf6 5. e5 Nfd7 6. Bd3 c5 7. c3 Nc6 8. 0-0 0-0 9. b3 cxd4 10. cxd4 Nb4 11. Bb1 f5 12. exf6 Nxf6 13. Bb2 Bd7 14. Ne5 Nc6 15. Ndf3 Rc8 16. Nxd7 Qxd7 17. Ne5 Qc7 18. Re1 Bd6 19. Qe2 Rfe8 20. h3 a6 21. Nxc6 Qxc6 22. Bd3 Qd7 23. Rac1 Bf4 24. Rxc8 Qxc8 25. g3 Bd6 26. Qf3 Qd7 27. g4 h6 28. Qe3 b5 29. Kg2 Qe7 30. f4 Qc7 31. Bc1 Kh8 32. Bg6 Re7 33. g5 hxg5 34. fxg5 Ne4 35. Bxe4 dxe4 36. Qxe4 Kg8 37. Be3 Qa5 38. Re2 Qd8 39. Rc2 b4 40. Rf2 a5 41. Qg6 Qe8 42. Qxe8+ Rxe8 43. Bd2 Rd8 44. Re2 Kf7 45. Kf3 Be7 46. Re4 Rd6 47. Bf4 Rd7 48. h4 g6 49. Be5 Kg8 50. Ke3 Kf7 51. Rf4+ Kg8 52. Bf6 Kh7 53. Ke4 Bxf6 54. Rxf6 Re7 55. Ke5 Kg7 56. Rxe6 Kf7 57. d5 Rxe6+ 58. dxe6+ Ke7 59. h5 gxh5 60. g6 Kf8 61. Kf6 h4 62. e7+ Ke8 63. g7 Kd7 64. g8Q h3 65. Qd5+ Kc7 66. e8Q h2 67. Qc5+ Kb7 68. Qec8# 1-0

[Event "Wch U08 blitz"]
[Site "Batumi"]
[Date "2023.06.10"]
[Round "3"]
[White "Cheng, Louis1"]
[Black "Nguyen, Nhat Khuong"]
[Result "1-0"]
[WhiteElo "1708"]
[BlackElo "1247"]
[PlyCount "145"]
[EventDate "2023.06.10"]
[EventType "swiss (blitz)"]
[EventRounds "11"]
[EventCountry "GEO"]
[SourceTitle "EXT 2024"]
[Source "ChessBase"]
[SourceDate "2023.10.10"]
[SourceVersion "1"]
[SourceVersionDate "2023.10.10"]
[SourceQuality "1"]
[WhiteTeam "Schottland"]
[BlackTeam "Vietnam"]
[WhiteTeamCountry "SCO"]
[BlackTeamCountry "VIE"]

1. e4 c5 2. Nf3 d6 3. d4 cxd4 4. Nxd4 Nf6 5. Nc3 g6 6. Be3 Bg7 7. f3 0-0 8. Qd2 Nc6 9. Bc4 Bd7 10. 0-0-0 Rc8 11. Bb3 a6 12. h4 Qa5 13. g4 b5 14. h5 Nxd4 15. Bxd4 Be6 16. Bxe6 fxe6 17. hxg6 hxg6 18. Kb1 Qc7 19. g5 Nh5 20. Bxg7 Kxg7 21. Ne2 Rxf3 22. Nd4 Qc4 23. Nxf3 Qxe4 24. Qd4+ Qxd4 25. Nxd4 e5 26. Ne2 Rf8 27. Rhf1 Rc8 28. Nc3 Nf4 29. Nd5 Nxd5 30. Rxd5 Rc4 31. Rg1 Kf7 32. b3 Rc6 33. Rd3 Ke6 34. Rh3 d5 35. Kc1 e4 36. Kd2 Ke5 37. Rh7 e6 38. Rf7 Kd4 39. Rf6 e3+ 40. Kd1 Kc3 41. Rxg6 Kb2 42. Rg2 Kxa2 43. c4+ Kxb3 44. cxd5 Rd6 45. Rxe6 Rxd5+ 46. Ke2 Rd2+ 47. Kf3 Rd7 48. Rxe3+ Kb4 49. g6 Rg7 50. Kf4 a5 51. Kf5 a4 52. Kf6 Rg8 53. g7 a3 54. Rg4+ Kc5 55. Rxa3 b4 56. Rb3 Rc8 57. g8Q Rxg8 58. Rxg8 Kc4 59. Rb1 b3 60. Rb8 Kc3 61. R1xb3+ Kc4 62. Rh3 Kc5 63. Rg8 Kd5 64. Rg4 Kc5 65. Rh5+ Kd6 66. Kg7 Ke6 67. Rg6+ Ke7 68. Rh7 Ke8 69. Kg8 Kd8 70. Kf8 Kc8 71. Rg8 Kd8 72. Ra7 Kc8 73. Kf7# 1-0

[Event "Wch U08 blitz"]
[Site "Batumi"]
[Date "2023.06.10"]
[Round "5"]
[White "Nabiyev, Iman"]
[Black "Nguyen, Nhat Khuong"]
[Result "0-1"]
[WhiteElo "1307"]
[BlackElo "1247"]
[PlyCount "160"]
[EventDate "2023.06.10"]
[EventType "swiss (blitz)"]
[EventRounds "11"]
[EventCountry "GEO"]
[SourceTitle "EXT 2024"]
[Source "ChessBase"]
[SourceDate "2023.10.10"]
[SourceVersion "1"]
[SourceVersionDate "2023.10.10"]
[SourceQuality "1"]
[WhiteTeam "Kazakhstan"]
[BlackTeam "Vietnam"]
[WhiteTeamCountry "KAZ"]
[BlackTeamCountry "VIE"]

1. e4 c5 2. Nf3 d6 3. d4 cxd4 4. Nxd4 Nf6 5. Nc3 g6 6. Be3 Bg7 7. f3 0-0 8. Qd2 Nc6 9. 0-0-0 d5 10. Kb1 Nxd4 11. e5 Nc6 12. exf6 Bxf6 13. Nxd5 Bg7 14. Bh6 Be6 15. Bxg7 Kxg7 16. Qc3+ f6 17. Bc4 Qa5 18. Qxa5 Nxa5 19. Bb3 Nxb3 20. axb3 Bxd5 21. Rxd5 Rad8 22. Rhd1 Rxd5 23. Rxd5 Kf7 24. Rd7 Rb8 25. Kc1 Ke6 26. Rd4 b5 27. Re4+ Kd7 28. Rd4+ Kc6 29. Kd2 e5 30. Rh4 Rb7 31. Kc1 Kc5 32. c3 a5 33. Kc2 Rd7 34. c4 b4 35. Rh6 Kd4 36. Kd2 e4 37. Rh4 f5 38. fxe4 fxe4 39. Ke2 Ke5 40. Ke3 Rd3+ 41. Ke2 Rxb3 42. Rxh7 Rxb2+ 43. Kf1 e3 44. Re7+ Kd4 45. Ra7 e2+ 46. Ke1 Kxc4 47. Rxa5 b3 48. Ra8 Ra2 49. Rc8+ Kd5 50. Rb8 b2 51. Rb7 Ra1+ 52. Kxe2 b1Q 53. Rxb1 Rxb1 54. Kf3 Ke5 55. Kg4 Rg1 56. g3 Kf6 57. h4 Rd1 58. Kf3 Rd4 59. g4 Ke5 60. Kg3 Rd3+ 61. Kg2 Kf4 62. h5 Kxg4 63. hxg6 Rd2+ 64. Kf1 Kf3 65. Ke1 Rg2 66. g7 Rxg7 67. Kd2 Re7 68. Kd3 Rd7+ 69. Kc4 Ke4 70. Kc5 Rd5+ 71. Kc6 Ke5 72. Kc7 Rd6 73. Kc8 Ke6 74. Kc7 Rd7+ 75. Kc6 Rd5 76. Kc7 Rc5+ 77. Kb6 Kd6 78. Kb7 Rb5+ 79. Kc8 Rb6 80. Kd8 Rb8# 0-1

[Event "Wch U08 rapid"]
[Site "Batumi"]
[Date "2023.06.07"]
[Round "4"]
[White "Babkin, Timofey Dm"]
[Black "Nguyen, Nhat Khuong"]
[Result "0-1"]
[WhiteElo "1347"]
[BlackElo "1439"]
[PlyCount "90"]
[EventDate "2023.06.06"]
[EventType "swiss (rapid)"]
[EventRounds "11"]
[EventCountry "GEO"]
[SourceTitle "EXT 2024"]
[Source "ChessBase"]
[SourceDate "2023.10.10"]
[SourceVersion "1"]
[SourceVersionDate "2023.10.10"]
[SourceQuality "1"]
[WhiteTeam "FIDE"]
[BlackTeam "Vietnam"]
[BlackTeamCountry "VIE"]

1. e4 c5 2. Nf3 d6 3. c3 Nf6 4. Be2 Nc6 5. d4 cxd4 6. cxd4 e6 7. Nc3 Be7 8. 0-0 0-0 9. Re1 a6 10. Bg5 h6 11. Bh4 b5 12. a3 Bb7 13. Bf1 Nd7 14. Bg3 Na5 15. b3 Rc8 16. Rc1 Nf6 17. b4 Nc4 18. Nd2 Nxa3 19. Qb3 Nc4 20. Nxc4 bxc4 21. Bxc4 Qd7 22. Ra1 Qc7 23. e5 dxe5 24. dxe5 Nh5 25. Bxe6 fxe6 26. Qxe6+ Kh8 27. Nd5 Bxd5 28. Qxd5 Nxg3 29. hxg3 Qb6 30. e6 Qxf2+ 31. Kh2 Rc3 32. Qe5 Bf6 33. Qd6 Rd8 34. e7 Rxd6 35. e8Q+ Kh7 36. Qe4+ g6 37. Qb7+ Bg7 38. Re7 Qf8 39. Rf1 Rf6 40. Rd1 Rb6 41. Qa7 Rxb4 42. Rdd7 Rh4+ 43. gxh4 Qf4+ 44. Kh1 Rc1+ 45. Qg1 Qxh4# 0-1

[Event "Wch U08 rapid"]
[Site "Batumi"]
[Date "2023.06.07"]
[Round "7"]
[White "Nguyen, Nhat Khuong"]
[Black "Muhammad Shayan, Noushad Ibrahim"]
[Result "0-1"]
[WhiteElo "1439"]
[BlackElo "1396"]
[PlyCount "66"]
[EventDate "2023.06.06"]
[EventType "swiss (rapid)"]
[EventRounds "11"]
[EventCountry "GEO"]
[SourceTitle "EXT 2024"]
[Source "ChessBase"]
[SourceDate "2023.10.10"]
[SourceVersion "1"]
[SourceVersionDate "2023.10.10"]
[SourceQuality "1"]
[WhiteTeam "Vietnam"]
[BlackTeam "Indien"]
[WhiteTeamCountry "VIE"]
[BlackTeamCountry "IND"]

1. Nf3 d5 2. d4 c6 3. Bf4 Nf6 4. e3 Bf5 5. c4 e6 6. Nc3 Nbd7 7. cxd5 exd5 8. Bd3 Bxd3 9. Qxd3 Be7 10. 0-0 0-0 11. Ne5 Nxe5 12. Bxe5 Bd6 13. f4 Re8 14. Rad1 Ng4 15. h3 Nh6 16. e4 dxe4 17. Nxe4 Bf8 18. Qc4 Kh8 19. d5 f6 20. Bc3 Nf5 21. Rf3 Qb6+ 22. Kh2 Ne3 23. Rxe3 Qxe3 24. Re1 Qxf4+ 25. g3 Qf3 26. Qd4 cxd5 27. Nd2 Re2+ 28. Rxe2 Qxe2+ 29. Kg1 Qe1+ 30. Kg2 Re8 31. h4 Bd6 32. Qg4 Re2+ 33. Kf3 Qf2# 0-1

[Event "Wch U08 rapid"]
[Site "Batumi"]
[Date "2023.06.06"]
[Round "3"]
[White "Nguyen, Nhat Khuong"]
[Black "Nabiyev, Iman"]
[Result "1-0"]
[WhiteElo "1439"]
[BlackElo "1271"]
[PlyCount "99"]
[EventDate "2023.06.06"]
[EventType "swiss (rapid)"]
[EventRounds "11"]
[EventCountry "GEO"]
[SourceTitle "EXT 2024"]
[Source "ChessBase"]
[SourceDate "2023.10.10"]
[SourceVersion "1"]
[SourceVersionDate "2023.10.10"]
[SourceQuality "1"]
[WhiteTeam "Vietnam"]
[BlackTeam "Kazakhstan"]
[WhiteTeamCountry "VIE"]
[BlackTeamCountry "KAZ"]

1. Nf3 d5 2. d4 Bf5 3. c4 e6 4. Qb3 Nc6 5. cxd5 exd5 6. Qxb7 Nb4 7. Na3 Rb8 8. Qxa7 Ra8 9. Qb7 Rxa3 10. bxa3 Nc2+ 11. Kd2 Nxa1 12. Ne5 Nc2 13. Qc6+ Ke7 14. g4 Be4 15. f3 Nxd4 16. Qc5+ Qd6 17. Qxd4 Bg6 18. Bb2 c5 19. Nxg6+ hxg6 20. Qe5+ Qxe5 21. Bxe5 Nf6 22. e3 Kd7 23. Bb5+ Kc8 24. a4 c4 25. g5 Nd7 26. Bd4 Rh7 27. e4 dxe4 28. fxe4 Rh8 29. Bxc4 Rh4 30. Bxf7 Rxe4 31. Kd3 Rg4 32. h4 Bc5 33. Bxg7 Rxa4 34. Rc1 Kb8 35. Be8 Ra7 36. Ke4 Be7 37. Bxd7 Rxd7 38. Be5+ Kb7 39. Rf1 Bd8 40. h5 gxh5 41. g6 Bc7 42. g7 Rd8 43. Rf8 Rxf8 44. gxf8Q Bxe5 45. Kxe5 h4 46. Kd6 h3 47. Qf3+ Ka7 48. Qb3 h2 49. Kc7 h1Q 50. Qa4# 1-0